000 00725cam a2200169 a 4500
001 000010028
005 20200929161816.0
008 810918s1979 ve b 100 0 spa d
040 _aDO-SdBNP
_bspa
_dBNPHU
082 _a928.87
_bB446
111 2 _aCongreso del bicentenario
_n(1:
_d1979 : 19- 21 de feb.
_cCaracas, Venezuela)
_924983
245 1 0 _aBello y Caracas :
_bprimer congreso del bicentenario.
260 _aCaracas :
_bFundación La Casa de Bello,
_c1979.
300 _a473 p. ;
_c23 cm.
500 _aCongreso organizado por la Fundación La Casa de Bello y la Comisión Nacional para la Celebración del Bicentenario de Don Andrés Bello.
504 _aIncluye referencias bibliográficas y notas al pie de las páginas.
999 _c9787
_d9787